El proyectista de estructuras metálicas

Guardado en:
Detalles Bibliográficos
Autor principal: Nonnast, Robert (autor)
Formato: Libro
Lenguaje:español
Publicado: Madrid Paraninfo 1995
Edición:19a. ed
Materias:
Etiquetas: Agregar Etiqueta
Sin Etiquetas, Sea el primero en etiquetar este registro!

MARC

LEADER 00000nam a2200000 a 4500
001 UCQ8633
003 CL-VaPUC
008 981210e19950000SP |||||||||||||||||spa|d
082 0 4 |a 624.177  |b NON  |2 21 
100 |a Nonnast, Robert  |e autor  |9 430994 
245 1 3 |a El proyectista de estructuras metálicas 
250 |a 19a. ed 
300 |a 2 v 
942 |c BK 
945 |d 19981210 00:00:00  |a aarredon 
260 |a Madrid  |b Paraninfo  |c 1995 
500 |a v.1: Bases fundamentales, vigas, soportes, voladizos, tuberías, soldadura, remachado y atornillado, naves industriales, edificios, calderas, depósitos, puentes grúa; v.2: Grúas pórtico, castilletes del tendido eléctrico, mástiles de banderas, vigas continuas Gerber, vigas caladas, naves pórtico, grúas ménsula, plumas de elevación 
650 0 |a Construcción  |9 260195 
650 0 |a Estructuras metálicas  |9 265870 
650 0 |a Construcciones metálicas  |9 267978 
583 |a last modification  |c 19981210 00:00:00  |k Rodrigo Vera 
999 |c 277847  |d 277845 
952 |0 0  |1 0  |4 0  |6 624_177000000000000_NON_1995  |7 0  |8 A  |9 316085  |a BIBING  |b BIBING  |d 2019-11-20  |h v.1  |i 3521877  |o 624.177 NON 1995  |p 3521877  |r 2025-01-20  |w 2019-11-20  |y BK  |k CCL 
952 |0 0  |1 0  |4 0  |6 624_177000000000000_NON_1995  |7 0  |8 A  |9 316086  |a BIBMEC  |b BIBMEC  |d 2019-11-20  |h v.1  |i 4294122  |o 624.177 NON 1995  |p 4294122  |r 2024-01-19  |w 2019-11-20  |y BK  |k MEC 
952 |0 0  |1 0  |4 0  |6 624_177000000000000_NON_1995  |7 0  |8 A  |9 316087  |a BIBMEC  |b BIBMEC  |d 2019-11-20  |h v.2  |i 4294130  |o 624.177 NON 1995  |p 4294130  |r 2024-01-19  |w 2019-11-20  |y BK  |k MEC